00707 2200241 4500001002100000005001500021035002000036007000300056008004100059020002200100082001000122084001600132100002200148245012000170250001000290260003700300300003700337500001300374650002500387504003100412990001100443990001100454INLIS00000000000334020090101015928 a0010-0109000003ta090101 g 0 ind  a978-602-6243-31-7 a613.2 a613.2 AYU i0 aAYU, Putri Ariani1 aIlmu Gizi :bDilengkapi dengan Standar Penilaian Status Gizi dan Daftar Komposisi Bahan Makanan /cAyu Putri Ariani acet.1 aYogyakarta :bNuha Medika,c2017 axvi, 358 hlm. :bilus. ;c23 cm. aLampiran 4aKESEHATAN. ILMU GIZI aBibliografi : hlm. 302-303 a6681 a a6681 b